000 00445nam a2200157 a 4500
001 000043049
005 20201002040611.0
008 140218s2001 xxua 001 0 spa d
040 _aDO-SdBNP
_bspa
_cBNPHU
100 1 _aMorris, Edmund
_970573
245 1 0 _aTheodore Rex. /
_cEdmund Morris.
260 _aNew York, :
_bRandom House,
_c2001.
300 _a772 p. :
_bil. ;
_c24 cm.
500 _aIncluye índice
504 _aBibliografía p: 563-571
999 _c42538
_d42538